01896nam a2200313Ia 450000500170000000800410001702000150005808200190007324501370009225000190022930000430024850504270029165000480071865000410076665000480080765000560085570000410091171000450095294200120099726400470100933600270105633700330108333800280111604000350114499900150117995201240119495201300131895201340144820220317000809.0160601s2002 ck a g 000 0 spa  a958664099X04a331.125 bS25e10aEmpleo y economía, memorias del seminario cSeminario Empleo y Economía ; Banco de la República ;editor Miguel Urrutia Montoya a1a. edición  a290 páginas bilustraciones c23 cm  aDiferencias en el análisis del desempleo en economías más y menos desarrolladas. Comentarios: consideraciones de la demanda laboral en Colombia. El costo en términos de empleo de las regulaciones del mercado laboral: lecciones de América Latina y el Caribe. Características y determinantes de la oferta laboral colombiana y su relación con la dinámica del desempleo. Implicaciones de política económica142LEMBaEmpleoxAspectos socioeconómicos 142LEMBaEconomía xAspectos sociales142LEMBaEconomía xCongresos y conferencias142LEMBaDesempleoxCongresos y conferenciaszColombia1 aUrrutia Montoya, Migueld939-9545281 aBanco de la República. Bogotá920785 2ddccBK aBogotá bBanco de la repúblicac[2002] atextobtxt2rdacontent asin mediaciónbn2rdamedia avolumenbnc2rdacarrier aCO-BoRNBPbspaerdacCO-BoRNBP c5081d5081 00102ddc4070aMEPRICObMEPRICOd2022-12-09l0o331.125 S25e pPR000000221r2022-12-09 00:00:00tEj.1w2022-12-09yBK 00102ddc40708GENaMEMAPIRIbMEMAPIRIcGENd2023-07-06l0o330.9861pmap0000316r2023-07-06 00:00:00tEj.1w2023-07-06yBK 00102lcc40708GENaMEPCONCObMEPCONCOcGENd2026-02-05l0o331.125 S25epPCON00684r2026-02-05 16:27:03tEj.1w2026-02-05yBK